| 000 | 00663nam a22001337a 4500 | ||
|---|---|---|---|
| 040 | _cRUA | ||
| 082 | _aVEM HOU 2015 B483 Or.1 | ||
| 100 | _aHOUR MENGHUY; ហួរ ម៉េងហ៊យ | ||
| 245 | _aStudy on gastrointestinal parasites of cattle at koh thom district, kandal province; សិក្សាលើវត្តមានបរាសិតខាងក្នុងក្រពះពោះវៀនគោ នៅស្រុកកោះធំ ខេត្តណ្ដាល | ||
| 260 |
_aPhnom Penh _bRUA _c2015 |
||
| 300 |
_ax;40p. _bill. _c29cm. |
||
| 856 | _uhttps://drive.google.com/file/d/1f8DNdU7cq-osELyi87-xCfUjW2CN23ZR/view?usp=sharing | ||
| 942 | _cVEM | ||
| 999 |
_c8201 _d8201 |
||